| 000 | 004490000a22001690004500 | ||
|---|---|---|---|
| 003 | MACL | ||
| 005 | 20160109122213.0 | ||
| 008 | 160109b xxu||||| |||| 00| 0 eng d | ||
| 040 |
_aMACL _cMACL |
||
| 041 | _aEnglish | ||
| 082 | _a911/GRO | ||
| 100 |
_aJay, Marston _930249 |
||
| 245 |
_aThe National Geographic magazine _b13701,2,3,4 |
||
| 260 |
_bNational Geographic Society _aWashington |
||
| 650 |
_aGeography _930250 |
||
| 942 |
_cBK _k911/Gro _2ddc |
||
| 999 |
_c36365 _d36365 |
||